00999nas a2200241Ia 4500001001600000003001000016008004100026040002500067041001200092100001500104210003300119222003300152240010900185245010900294250001100403260000900414501012300423300001600546362003300562500012800595650002300723700001100746A01/R004-33814 IT-MiCISF161014c99999999xx |||||||||||| ||und|| aIT-MiCISFcIT-MiCISF aINGLESE aDunn Judy  aJournal of Family Psychology aJournal of Family Psychology aFamily Lives and Friendships: the Perspectives of Children in Step-, Single Parent and Nonstep Families 0aFamily Lives and Friendships: the Perspectives of Children in Step-, Single Parent and Nonstep Families a1a ed. c2001 bCISF - Centro Internazionale Studi Famiglia - Via Giotto, 36 20145 MILANO (non commercial uses only)cCopyright 2016 app. 272-287 avol. 15, n. 2, giugno [2001] aDavies L.C., O'Connor T.G., Sturgess W. Tema: famiglia, famiglia-monogenitoriale, famiglia-ricostituita, infanzia, amicizia aFAMIGLIAvarticolo aAA.VV.